Vybrané národohospodárske závislosti možných premien vo výžive

Bibliographic Details
Main Author: Kružliak, Peter (Author)
Format: Article
Language:Slovak
Subjects:

MARC

LEADER 00000nab a2200000 a 4500
001 vtls000318160
003 SK-MaSNL
005 20260304081925.0
008 250424c1978 xo 0 slo
015 |a SNBRB19rr/mm-uuuuu 
035 |a CL0008252 
035 |a urn:nbn:sk:snk-ab6x2l 
035 |a (uuid)e6b4db5b-a97d-4ca0-8d34-e53ebbda84df 
035 |a (urnnbn)urn:nbn:sk:snk:ar-a063yr 
035 |a (sysno)vtls000318160 
040 |a SNKBUCL  |b slo  |c SNKBUCL  |e AACR2 
041 0 |a slo 
044 |a xo  |c SK 
080 |a 613.2  |2 1981 
100 1 |a Kružliak, Peter  |4 aut  |9 278069 
245 1 0 |a Vybrané národohospodárske závislosti možných premien vo výžive  |c Peter Kružliak 
650 0 7 |a racionálna výživa  |2 snkbucl  |9 2578 
655 7 |a články z novín a časopisov  |2 snkbucl  |9 267496 
773 0 |t Výživa a zdravie  |g Roč. 23, č. 4 (1978), s. 84 a 86 
850 |a Slovenská národná knižnica 
852 |a Slovenská národná knižnica 
954 |a odborná, vedecká literatúra pôvodná (slovenská)  |2 lita 
958 |a article27 
958 |a RK 
958 |a MI 
958 |a OND 
958 |a EUIPO 
992 |a RBX 
999 |c 2792921  |d 2794851